Ako podnikať

Z obsahu: Rast firmy neprináša iba radosť. Ako prežiť rast firmy. Desať rád pre začínajúce a rýchlo rastúce firmy. Strategický manažment. Hrou k záujmu i motivácii. Efektívny predajca - nesúhlas. Rekvalifikácia a doba určitá.

Salvato in:
Dettagli Bibliografici
Natura: Capitolo di libro
Lingua:slovacco
Soggetti:
Tags: Aggiungi Tag
Nessun Tag, puoi essere il primo ad aggiungerne!!

MARC

LEADER 00000naa$a2200000$$$4500
001 0058432
005 20231009073445.4
041 0 |a slo 
044 |a SK 
245 1 0 |a Ako podnikať 
520 |a Z obsahu: Rast firmy neprináša iba radosť. Ako prežiť rast firmy. Desať rád pre začínajúce a rýchlo rastúce firmy. Strategický manažment. Hrou k záujmu i motivácii. Efektívny predajca - nesúhlas. Rekvalifikácia a doba určitá. 
610 2 0 |a podnikanie 
610 2 0 |a rast podniku 
610 2 0 |a manažment strategický 
610 2 0 |a motivácia pracovná 
610 2 0 |a hry 
610 2 0 |a predajcovia